MARC details
| 000 -LEADER |
| fixed length control field |
01686cam a22002418i 4500 |
| 001 - CONTROL NUMBER |
| control field |
22833605 |
| 003 - CONTROL NUMBER IDENTIFIER |
| control field |
OSt |
| 005 - DATE AND TIME OF LATEST TRANSACTION |
| control field |
20251126121530.0 |
| 008 - FIXED-LENGTH DATA ELEMENTS--GENERAL INFORMATION |
| fixed length control field |
221018s2023 flu b 001 0 eng |
| 020 ## - INTERNATIONAL STANDARD BOOK NUMBER |
| International Standard Book Number |
9789351611738 |
| 020 ## - INTERNATIONAL STANDARD BOOK NUMBER |
| International Standard Book Number |
9789351611738 |
| Qualifying information |
(pbk) |
| 040 ## - CATALOGING SOURCE |
| Original cataloging agency |
SEKU |
| 050 00 - LIBRARY OF CONGRESS CALL NUMBER |
| Classification number |
QA276 |
| Item number |
.G8 |
| 100 1# - MAIN ENTRY--PERSONAL NAME |
| Personal name |
Gupta, S. C., |
| Relator term |
author. |
| 245 10 - TITLE STATEMENT |
| Title |
Fundamentals of mathematical statistics / |
| Statement of responsibility, etc. |
S.C.Gupta. |
| 250 ## - EDITION STATEMENT |
| Edition statement |
12 th ed |
| 264 #1 - PRODUCTION, PUBLICATION, DISTRIBUTION, MANUFACTURE, AND COPYRIGHT NOTICE |
| Place of production, publication, distribution, manufacture |
Daryaganj, New Delhi : |
| Name of producer, publisher, distributor, manufacturer |
Sultan chand & sons, |
| Date of production, publication, distribution, manufacture, or copyright notice |
2025. |
| 300 ## - PHYSICAL DESCRIPTION |
| Extent |
xviii,I-8pgS. |
| 504 ## - BIBLIOGRAPHY, ETC. NOTE |
| Bibliography, etc |
Includes bibliographical references and index. |
| 520 ## - SUMMARY, ETC. |
| Summary, etc. |
"Fundamentals of Mathematical Statistics is meant for a standard one-semester advanced undergraduate or graduate level course on Mathematical Statistics. It covers all the key topics - statistical models, linear normal models, exponential families, estimation, asymptotics of maximum likelihood, significance testing, and models for tables of counts. It assumes a good background in mathematical analysis, linear algebra, and probability, but includes an appendix with basic results from these areas. Throughout the text, there are numerous examples and graduated exercises that illustrate the topics covered, rendering the book suitable for teaching or self-study. Features a concise, yet rigorous introduction to a one-semester course on mathematical statistics. Thus, this textbook will be a perfect fit for an advanced course on mathematical statistics or statistical theory. The concise and lucid approach means it could also serve as a good alternative, or supplement, to existing texts"-- |
| Assigning source |
Provided by publisher. |
| 650 #0 - SUBJECT ADDED ENTRY--TOPICAL TERM |
| Topical term or geographic name as entry element |
Mathematical statistics. |
| 942 ## - ADDED ENTRY ELEMENTS (KOHA) |
| Source of classification or shelving scheme |
Library of Congress Classification |
| Koha item type |
General circulation |